000 00285nam a2200097Ia 4500
005 20251222114342.0
008 251222s1900||||xx |||||||||||||| ||spa||
082 _aDVD191.3/U61/2003
245 0 _aCharla: cambios sociales y escenarios económicos en la era de la globalización:
942 _cDVD
999 _c915
_d915